| 000 | 00934nam a2200265 i 4500 | ||
|---|---|---|---|
| 001 | 104982 | ||
| 003 | ES-MaACL | ||
| 005 | 20250928125740.0 | ||
| 007 | t| | ||
| 008 | 060601s1964 sp ||||1| spa d | ||
| 080 | _a75 Alcahud, Gloria (083.82) | ||
| 100 | 1 |
_aAlcahud, Gloria. _919436 |
|
| 245 | 1 | 0 |
_aGloria Alcahud _b: [exposición, Festivales de España, 1964] / _c[Texto: C. L. Popovici]. |
| 260 |
_a[Madrid] : _bPublicaciones Españolas, _c[1964] |
||
| 300 |
_a[16] p. : _bil. ; _c23 cm. |
||
| 490 | 1 |
_aCuadernos de arte. Serie divulgación ; _v10 |
|
| 600 | 1 | 4 |
_aAlcahud, Gloria- _xExposiciones. _919437 |
| 655 | 7 |
_2tgfbne _9193628 _aCatálogos de exposiciones |
|
| 700 | 1 |
_aPopovici, Cirilo L., _d1902-1995 _993104 |
|
| 710 | 2 |
_aFestivales de España. _94125 |
|
| 830 | 0 |
_aCuadernos de arte. Serie divulgación ; _v10 _9184876 |
|
| 852 |
_aES-MaACL _j2204-F-6 _bR.137517 |
||
| 942 | _2udc | ||
| 999 |
_c104982 _d104982 |
||